| 000 | 00716nam a2200217 i 4500 | ||
|---|---|---|---|
| 001 | 77345 | ||
| 003 | ES-MaACL | ||
| 005 | 20251003195558.0 | ||
| 007 | t| | ||
| 008 | 041008s1930 fr ||||1| fre d | ||
| 100 | 1 |
_aHackett, Francis. _961396 |
|
| 245 | 1 | 0 |
_aHenri VIII _b: (1491-1547) / _cFrancis Hackett ; traduit de l'anglais par S. Campaux. |
| 260 |
_aParis : _bPayot, _c1930 ( _eSaint-Denis : _fJ. Berdaillón) |
||
| 300 |
_aXLII, 582 p. ; _c23 cm. |
||
| 490 | 1 | _aBibliothèque historique | |
| 600 | 0 | 7 |
_aEnrique VIII, _cRey de Inglaterra, _d1491-1547 _2 _9126940 |
| 700 | 1 |
_aCampaux, Suzanne. _934126 |
|
| 830 | 0 |
_aBibliothèque historique _9180899 |
|
| 852 |
_aES-MaACL _jA-65 |
||
| 999 |
_c77345 _d77345 |
||